Normal view MARC view
  • Romanticism

Entry Topical Term

Number of records used in: 3

001 - CONTROL NUMBER

  • control field: 37298

003 - CONTROL NUMBER IDENTIFIER

  • control field: OSt

005 - DATE AND TIME OF LATEST TRANSACTION

  • control field: 20150121110804.0

008 - FIXED-LENGTH DATA ELEMENTS

  • fixed length control field: 150121|| aca||babn | a|a d

040 ## - CATALOGING SOURCE

  • Original cataloging agency: OSt

150 ## - HEADING--TOPICAL TERM

  • Topical term or geographic name as entry element: Romanticism
  • Geographic subdivision: Great Britain